Minecraft Splash - Sudden Death - Statistics

General Stats
  • This quiz has been taken 18 times
  • The average score is 3 of 18
Answers on the Grid
Answers color-coded by a green-red scale on the quiz's grid according to % correct below.
Bo noit pouv!
Buckets of water!
higdigdigfish!
Born to be wild!
Netherite on lava!
Ooh, shiny!
Fireworks!
Bumblebees!
Dunkwanz!
Wakanda forever!
Have you tried Terraria?
Aether update!
Square roots!
Déjà vu!
Boots with the fur!
Bread is pain!
90210!
Woo, 2pp!
Flaxkikare!
Bring it on!
Herregud!
Water proof!
Whoa, dude!
All is full of love!
Cogito ergo sum!
Don't touch your face!
Fnord!
idspispopd!
Octagonal!
The true meaning of covfefe
Ghoughpteighbteau tchoghs!
Circles are banned!
Visit the Nether!
Merry-go-round!
Jeb has beautiful hair!
Finish him!
 
Answer Stats
Answer % Correct
Déjà vu is the experience of feeling sure that one has already witnessed or experienced a current situation. Déjà vu!
45%
Line from the song "Low" by Flo Rida, featuring T-Pain. Boots with the fur!
27%
A reference to the COVID-19 pandemic. Don't touch your face!
27%
- Octagonal!
27%
"Pain" is French for "bread". Bread is pain!
18%
- Bring it on!
18%
A reference to 2 Player Productions, the company behind Minecraft: The Story of Mojang. Woo, 2pp!
18%
90210 is famous for being the ZIP Code for Beverly Hills, California. 90210!
9%
"All Is Full of Love" is a song by Icelandic singer Björk. All is full of love!
9%
Latin for "I think, therefore I am." A quote from René Descartes. Cogito ergo sum!
9%
Fnord is the typographic representation of disinformation or irrelevant information. Fnord!
9%
"Potato chips", spelled phonetically using obscure rules of English pronunciation. Ghoughpteighbteau tchoghs!
9%
The no-clip command for Doom, which allows flying and passing through walls. idspispopd!
9%
Reference to a tweet by current U.S. President Donald Trump, where he misspells a mysterious word by "covfefe" The true meaning of covfefe
9%
- Water proof!
9%
- Whoa, dude!
9%
- Flaxkikare!
0%
Swedish for "Oh My God!". Herregud!
0%
No matching quizzes found
Score Distribution
Percent of People with Each Score
Percentile by Number Answered
Your Score History
You have not taken this quiz